| 000 | 01327cam a22003375a 4500 | ||
|---|---|---|---|
| 001 | 15048624 | ||
| 003 | OSt | ||
| 005 | 20230912161547.0 | ||
| 008 | 071018r20072005nyu d 000 1 eng | ||
| 010 | _a 2007281233 | ||
| 020 | _a9780375842207 (pbk.) | ||
| 040 |
_aDLC _cDLC |
||
| 042 | _alcac | ||
| 043 | _ae-gw--- | ||
| 050 | 0 | 0 |
_aPZ7.Z837 _bBoo 2007 |
| 082 | 0 | 0 |
_a823.92 _bZUS/B |
| 100 | 1 |
_aZusak, Markus _99425 |
|
| 245 | 1 | 4 |
_aThe book thief / _cby Markus Zusak. |
| 260 |
_aU K : _bPenguin random house, _c2007. |
||
| 300 |
_a552 p. : _bill. ; _c21 cm. |
||
| 520 | _aTrying to make sense of the horrors of World War II, Death relates the story of Liesel--a young German girl whose book-stealing and story-telling talents help sustain her family and the Jewish man they are hiding, as well as their neighbors. Includes readers' guide. | ||
| 586 | _aMichael Printz Award honor book, 2007. | ||
| 650 | 1 |
_aBooks and reading _vFiction. |
|
| 650 | 1 |
_aStorytelling _vFiction. |
|
| 650 | 1 |
_aDeath _vFiction. |
|
| 650 | 1 |
_aJews _zGermany _xHistory _y1933-1945 _vFiction. |
|
| 650 | 1 |
_aWorld War, 1939-1945 _xJews _xRescue _vFiction. |
|
| 651 | 0 |
_aGermany _xHistory _y1933-1945 _vJuvenile fiction. |
|
| 651 | 1 |
_aGermany _xHistory _y1933-1945 _vFiction. |
|
| 942 |
_2ddc _cBK _h823.92 _iZUS/B _k823.92 _mZUS/B |
||
| 999 |
_c42125 _d42125 |
||